[Event "Eindhoven WLC op 14th"]
[Site "Eindhoven"]
[Date "2024.06.02"]
[Round "5"]
[White "Feng, Elysia"]
[Black "Simons, Rudy"]
[Result "0-1"]
[WhiteElo "1877"]
[BlackElo "2011"]
[PlyCount "76"]
[EventDate "2024.05.31"]
[EventType "swiss"]
[EventRounds "6"]
[EventCountry "NED"]
[SourceTitle "CBM 220 Extra"]
[Source "ChessBase"]
[SourceDate "2024.07.31"]
[SourceVersion "1"]
[SourceVersionDate "2024.07.31"]
[SourceQuality "1"]

1. e4 c5 2. Nf3 d6 3. d4 cxd4 4. Nxd4 Nf6 5. Nc3 g6 6. Be3 Bg7 7. Bc4 0-0 8. f3 Nc6 9. Qd2 Bd7 10. 0-0-0 Ne5 11. Bb3 Qa5 12. g4 Rfc8 13. h4 b5 14. h5 Nc4 15. Qe2 e5 16. Nf5 gxf5 17. h6 Nxe3 18. Qxe3 f4 19. Qg1 Bf8 20. g5 Ng4 21. fxg4 Rxc3 22. bxc3 Qxc3 23. Rd3 Qc7 24. Qh2 Rc8 25. g6 hxg6 26. h7+ Kh8 27. Bxf7 Bxg4 28. Bxg6 Qc4 29. Rb3 Be2 30. Rb2 d5 31. Re1 Ba3 32. Rxe2 Qc3 33. Kd1 Qxb2 34. Ke1 Qc1+ 35. Kf2 Rxc2 36. Kf3 Qf1+ 37. Rf2 Qd1+ 38. Kg2 Qg4+ 0-1

[Event "Eindhoven WLC op 14th"]
[Site "Eindhoven"]
[Date "2024.06.02"]
[Round "6"]
[White "Simons, Rudy"]
[Black "Margarido, Jose Miguel Teixeir"]
[Result "1/2-1/2"]
[WhiteElo "2011"]
[BlackElo "2084"]
[PlyCount "66"]
[EventDate "2024.05.31"]
[EventType "swiss"]
[EventRounds "6"]
[EventCountry "NED"]
[SourceTitle "CBM 220 Extra"]
[Source "ChessBase"]
[SourceDate "2024.07.31"]
[SourceVersion "1"]
[SourceVersionDate "2024.07.31"]
[SourceQuality "1"]

1. e4 g6 2. d4 Bg7 3. Nc3 d6 4. f4 Nf6 5. Nf3 0-0 6. Bd3 Nc6 7. 0-0 e5 8. fxe5 dxe5 9. d5 Ne7 10. Qe1 c6 11. dxc6 Nxc6 12. Qh4 Nh5 13. Qxd8 Nxd8 14. Nd5 Nc6 15. c3 Nf6 16. Bg5 Nxd5 17. exd5 Nb8 18. Bc4 Re8 19. Be3 h6 20. Rad1 Nd7 21. d6 Nf6 22. h3 a6 23. Nh4 Be6 24. d7 Bxc4 25. dxe8Q+ Rxe8 26. Rfe1 Bxa2 27. Nf3 Bd5 28. Bb6 e4 29. Nh2 Bc6 30. Nf1 Nd5 31. Nh2 Nf6 32. Rd8 Rxd8 33. Bxd8 Nh5 1/2-1/2

[Event "Eindhoven WLC op 13th"]
[Site "Eindhoven"]
[Date "2023.05.07"]
[Round "5"]
[White "Wuijts, Johan"]
[Black "Simons, Rudy"]
[Result "1-0"]
[WhiteElo "2021"]
[BlackElo "2032"]
[PlyCount "114"]
[EventDate "2023.05.05"]
[EventType "swiss"]
[EventRounds "6"]
[EventCountry "NED"]
[SourceTitle "CBM 214 Extra"]
[Source "ChessBase"]
[SourceDate "2023.07.31"]
[SourceVersion "1"]
[SourceVersionDate "2023.07.31"]
[SourceQuality "1"]

1. e4 c5 2. Nc3 Nc6 3. f4 g6 4. Nf3 Bg7 5. Bb5 Nd4 6. 0-0 Nxb5 7. Nxb5 d6 8. Nc3 Nf6 9. d3 0-0 10. Kh1 a6 11. a4 b6 12. Qe1 e6 13. e5 Ne8 14. a5 d5 15. Na4 b5 16. Nxc5 Nc7 17. Be3 Qe7 18. Bd4 Rd8 19. b4 Bh6 20. Qe3 Ne8 21. Rg1 f6 22. g4 fxe5 23. Nxe5 Qf8 24. Raf1 Nd6 25. Rf3 Bg7 26. Rgf1 Re8 27. Qf2 Qe7 28. c3 Rf8 29. Kg1 Nf7 30. Nc6 Qd6 31. Bxg7 Kxg7 32. Qd4+ Kg8 33. Ne5 Qe7 34. g5 Nd6 35. Ng4 Qg7 36. Nf6+ Kh8 37. Qe5 Nf5 38. Rh3 h5 39. Nxe6 Bxe6 40. Qxe6 Qf7 41. Re1 Ra7 42. Qxf7 Raxf7 43. Nxd5 Rd8 44. Re5 Rfd7 45. c4 bxc4 46. dxc4 Nd6 47. Rc3 Nxc4 48. Rxc4 Rxd5 49. Rxd5 Rxd5 50. Kf2 Rd2+ 51. Kg3 Kg7 52. Rc7+ Kg8 53. Rc6 h4+ 54. Kxh4 Rxh2+ 55. Kg3 Rb2 56. Rxg6+ Kf7 57. Rb6 Kg8 1-0

[Event "Eindhoven WLC op 12th"]
[Site "Eindhoven"]
[Date "2022.05.15"]
[Round "5"]
[White "Simons, Rudy"]
[Black "Weijers, Ralf"]
[Result "0-1"]
[WhiteElo "2046"]
[BlackElo "1857"]
[PlyCount "68"]
[EventDate "2022.05.13"]
[EventType "swiss"]
[EventRounds "6"]
[EventCountry "NED"]
[SourceTitle "CBM 208 Extra"]
[Source "ChessBase"]
[SourceDate "2022.07.31"]
[SourceVersion "1"]
[SourceVersionDate "2022.07.31"]
[SourceQuality "1"]

1. e4 d6 2. d4 Nf6 3. Nc3 Nbd7 4. Nf3 e5 5. Bc4 h6 6. 0-0 c6 7. a4 Qc7 8. Re1 Be7 9. h3 Nf8 10. Be3 Be6 11. Qe2 g5 12. dxe5 dxe5 13. Bxe6 Nxe6 14. Qc4 Rg8 15. a5 h5 16. h4 Nh7 17. hxg5 Nhxg5 18. Nxg5 Bxg5 19. a6 b6 20. Rad1 Rd8 21. Rxd8+ Kxd8 22. Bxg5+ Rxg5 23. Ne2 h4 24. Rd1+ Kc8 25. b4 Rg6 26. b5 Ng5 27. Rd3 h3 28. g3 Rd6 29. Kh2 Rf6 30. f4 exf4 31. e5 fxg3+ 32. Rxg3 Qxe5 33. Qg4+ Ne6 34. Kxh3 Rh6+ 0-1

[Event "Eindhoven WLC op 10th"]
[Site "Eindhoven"]
[Date "2019.05.25"]
[Round "3"]
[White "Baselmans, Luuk"]
[Black "Simons, Rudy"]
[Result "1-0"]
[WhiteElo "2270"]
[BlackElo "2051"]
[PlyCount "87"]
[EventDate "2019.05.24"]
[EventType "swiss"]
[EventRounds "6"]
[EventCountry "NED"]
[SourceTitle "CBM 190 Extra"]
[Source "ChessBase"]
[SourceDate "2019.07.15"]
[SourceVersion "1"]
[SourceVersionDate "2019.07.15"]
[SourceQuality "1"]

1. e4 c5 2. Nf3 d6 3. Bb5+ Nd7 4. Ba4 Ngf6 5. 0-0 g6 6. Re1 Bg7 7. c3 0-0 8. d4 e5 9. Bg5 Qc7 10. Nbd2 a6 11. Nf1 b5 12. Bc2 Bb7 13. Ng3 h6 14. Bxf6 Nxf6 15. a4 Rfe8 16. d5 c4 17. h4 h5 18. Ng5 Qe7 19. Nf1 Bh6 20. Nf3 Ng4 21. g3 Reb8 22. Qe2 Bc8 23. N3h2 Bd7 24. Nxg4 Bxg4 25. f3 Bd7 26. Qf2 b4 27. Bd1 bxc3 28. bxc3 g5 29. hxg5 Qxg5 30. Re2 h4 31. Qh2 h3 32. Kh1 Qf6 33. Rf2 Rb7 34. Rb2 Rab8 35. Rab1 Rxb2 36. Rxb2 Rxb2 37. Qxb2 Bxa4 38. Bxa4 Qxf3+ 39. Kg1 Bc1 40. Qf2 Qxc3 41. Kh2 Qb2 42. Qxb2 Bxb2 43. Ne3 c3 44. Nc4 1-0

[Event "Budapest FS11 FM"]
[Site "Budapest"]
[Date "2016.11.15"]
[Round "10"]
[White "Frost, Peter"]
[Black "Simons, Rudy"]
[Result "0-1"]
[WhiteElo "1916"]
[BlackElo "2013"]
[PlyCount "86"]
[EventDate "2016.11.05"]
[EventType "tourn"]
[EventRounds "10"]
[EventCountry "HUN"]
[SourceTitle "CBM 175 Extra"]
[Source "ChessBase"]
[SourceDate "2016.12.12"]
[SourceVersion "1"]
[SourceVersionDate "2016.12.12"]
[SourceQuality "1"]

1. c4 c5 2. b3 d6 3. Bb2 Nc6 4. e3 Bf5 5. d3 e5 6. a3 g6 7. Qc2 Bg7 8. Nf3 Nge7 9. Be2 0-0 10. Nbd2 h6 11. 0-0 Be6 12. Rfe1 f5 13. Bf1 Bf7 14. Nb1 g5 15. Nc3 g4 16. Nd2 Ng6 17. Nd5 Rc8 18. Rac1 Qd7 19. b4 Bxd5 20. cxd5 Nce7 21. Qb3 cxb4 22. axb4 b5 23. Ra1 Rc7 24. Ra6 Rb8 25. Rea1 Kh7 26. Nb1 f4 27. e4 g3 28. hxg3 fxg3 29. fxg3 h5 30. Qd1 Bh6 31. Qxh5 Rf8 32. Nc3 Kg7 33. Be2 Be3+ 34. Kh2 Rh8 35. Qxh8+ Kxh8 36. Bh5 Kg7 37. R6a5 Rb7 38. Ne2 Ng8 39. Rf1 Nf6 40. Rf3 Bb6 41. Bxg6 Ng4+ 42. Kh1 Kxg6 43. Ra1 Qh7# 0-1

[Event "Budapest FS11 FM"]
[Site "Budapest"]
[Date "2016.11.07"]
[Round "3"]
[White "Faber, Hugo"]
[Black "Simons, Rudy"]
[Result "1/2-1/2"]
[WhiteElo "2091"]
[BlackElo "2013"]
[PlyCount "62"]
[EventDate "2016.11.05"]
[EventType "tourn"]
[EventRounds "10"]
[EventCountry "HUN"]
[SourceTitle "CBM 175 Extra"]
[Source "ChessBase"]
[SourceDate "2016.12.12"]
[SourceVersion "1"]
[SourceVersionDate "2016.12.12"]
[SourceQuality "1"]

1. e4 e5 2. Nf3 Nc6 3. Bb5 Nf6 4. 0-0 Nxe4 5. d4 Nd6 6. Bxc6 dxc6 7. dxe5 Nf5 8. Qxd8+ Kxd8 9. Rd1+ Ke8 10. c4 Be6 11. b3 Be7 12. Nc3 Rd8 13. Rxd8+ Kxd8 14. Bf4 h6 15. Rd1+ Kc8 16. h3 g5 17. Bh2 Rd8 18. Rxd8+ Kxd8 19. g4 Ng7 20. Nd4 Kd7 21. Ne4 b6 22. Kg2 a6 23. Bg3 c5 24. Ne2 Ne8 25. f4 f5 26. exf6 Nxf6 27. Nxf6+ Bxf6 28. Nc1 c6 29. fxg5 hxg5 30. Nd3 Ke7 31. Ne5 Bxe5 1/2-1/2

[Event "Helmond De Legibus op"]
[Site "Helmond"]
[Date "2016.07.09"]
[Round "2"]
[White "Simons, Rudy"]
[Black "Guliyev, Namig"]
[Result "0-1"]
[WhiteElo "2028"]
[BlackElo "2577"]
[PlyCount "60"]
[EventDate "2016.07.09"]
[EventType "swiss (rapid)"]
[EventRounds "10"]
[EventCountry "NED"]
[SourceTitle "EXT 2018"]
[Source "ChessBase"]
[SourceDate "2017.10.13"]
[SourceVersion "1"]
[SourceVersionDate "2017.10.13"]
[SourceQuality "1"]

1. e4 c5 2. Nf3 d6 3. d4 cxd4 4. Nxd4 Nf6 5. Nc3 a6 6. Bc4 e6 7. Bb3 Nbd7 8. f4 Nc5 9. f5 Be7 10. Qf3 Qc7 11. 0-0 0-0 12. Qh3 Nxb3 13. axb3 e5 14. Nde2 b5 15. Bg5 Bb7 16. Ng3 b4 17. Bxf6 Bxf6 18. Nd5 Bxd5 19. exd5 Qxc2 20. Nh5 Bg5 21. Nxg7 Kxg7 22. Qg3 Kf6 23. h4 Bh6 24. Qf3 Rg8 25. Rf2 Qc5 26. Re1 Bf4 27. g4 h6 28. Kh1 Rxg4 29. Qxg4 Qxf2 30. Rg1 Qh2# 0-1

[Event "Helmond Legibus op"]
[Site "Helmond"]
[Date "2013.06.29"]
[Round "4"]
[White "Smith, Thijmen"]
[Black "Simons, Rudy"]
[Result "1/2-1/2"]
[WhiteElo "2193"]
[BlackElo "2069"]
[PlyCount "46"]
[EventDate "2013.06.29"]
[EventType "swiss (rapid)"]
[EventRounds "9"]
[EventCountry "NED"]
[SourceTitle "CBM 155 Extra"]
[Source "ChessBase"]
[SourceDate "2013.08.26"]
[SourceVersion "1"]
[SourceVersionDate "2013.08.26"]
[SourceQuality "1"]

1. e4 c5 2. Nf3 d6 3. d4 cxd4 4. Nxd4 Nf6 5. Nc3 g6 6. Be2 Bg7 7. Be3 0-0 8. 0-0 Nc6 9. f4 Bd7 10. Kh1 Rc8 11. h3 Na5 12. Qd2 Nc4 13. Bxc4 Rxc4 14. Qd3 Rc8 15. Rae1 a6 16. Rf2 b5 17. Nd5 e6 18. Nxf6+ Bxf6 19. Rd2 Qc7 20. c3 Qc4 21. Qxc4 Rxc4 22. Bf2 Be7 23. Nf3 Bc6 1/2-1/2

[Event "Tilburg Stukkenjagers op-A"]
[Site "Tilburg"]
[Date "2006.08.19"]
[Round "4"]
[White "Simons, Rudy"]
[Black "Sprangers, Remco"]
[Result "1-0"]
[WhiteElo "2103"]
[BlackElo "2182"]
[PlyCount "43"]
[EventDate "2006.08.18"]
[EventType "swiss"]
[EventRounds "6"]
[EventCountry "NED"]
[SourceTitle "CBM 113 Extra"]
[Source "ChessBase"]
[SourceDate "2006.09.14"]
[SourceVersion "1"]
[SourceVersionDate "2006.09.14"]
[SourceQuality "1"]

1. e4 c5 2. Nf3 d6 3. d4 cxd4 4. Nxd4 Nf6 5. Nc3 a6 6. Bc4 e6 7. Bb3 Nbd7 8. f4 Nc5 9. Qf3 Be7 10. f5 0-0 11. 0-0 Qc7 12. Bg5 b5 13. a3 Bb7 14. fxe6 Ncxe4 15. exf7+ Kh8 16. Nxe4 Bxe4 17. Bxf6 Qb7 18. Bxg7+ Kxg7 19. Ne6+ Kg6 20. Qg4+ Kh6 21. Qg7+ Kh5 22. Nf4+ 1-0

[Event "Budapest Spring op 12th"]
[Site "Budapest"]
[Date "1996.??.??"]
[Round "4"]
[White "Bakhrakh, Victor"]
[Black "Simons, Rudy"]
[Result "1-0"]
[WhiteElo "2325"]
[BlackElo "2110"]
[PlyCount "105"]
[EventDate "1996.03.??"]
[EventType "swiss"]
[EventRounds "9"]
[EventCountry "HUN"]
[SourceTitle "CBM 052 Extra"]
[Source "ChessBase"]
[SourceDate "1996.07.01"]
[SourceVersion "1"]
[SourceVersionDate "1996.07.01"]
[SourceQuality "1"]

1. e4 c5 2. Nc3 Nc6 3. g3 g6 4. Bg2 Bg7 5. d3 d6 6. Be3 e6 7. Qd2 Rb8 8. Nge2 Nd4 9. Nc1 Ne7 10. 0-0 0-0 11. Nd1 b6 12. c3 Ndc6 13. Bh6 d5 14. Bxg7 Kxg7 15. Qe3 Ba6 16. Re1 d4 17. Qd2 dxc3 18. bxc3 Qd7 19. f4 Rfd8 20. Re3 Na5 21. Qc2 Nac6 22. Nf2 Rbc8 23. Qd2 Na5 24. Qe1 Qa4 25. g4 b5 26. g5 b4 27. Ng4 bxc3 28. Qh4 Ng8 29. Rh3 Kf8 30. Ne5 Qd4+ 31. Kh1 c2 32. Qxh7 Rc7 33. Nxg6+ fxg6 34. Qxc7 Rd7 35. Qb8+ Rd8 36. Qe5 c4 37. Qxd4 Rxd4 38. Bf1 cxd3 39. Bxd3 Bxd3 40. Nxd3 Rxe4 41. Rc1 Rc4 42. Ne5 Rc7 43. Nxg6+ Kg7 44. Ne5 Ne7 45. Ra3 Nb7 46. Rxa7 Nd5 47. Nd3 Kg6 48. a4 Ne3 49. Ne1 Kf5 50. a5 Ke4 51. a6 Rf7 52. Rxb7 Rxf4 53. Rb4+ 1-0

[Event "Budapest FS10 IM-A"]
[Site "Budapest"]
[Date "1994.??.??"]
[Round "9"]
[White "Galyas, Miklos"]
[Black "Simons, Rudy"]
[Result "0-1"]
[WhiteElo "2265"]
[BlackElo "2250"]
[PlyCount "127"]
[EventDate "1994.10.??"]
[EventType "tourn"]
[EventRounds "11"]
[EventCountry "HUN"]
[EventCategory "3"]
[SourceTitle "EXT 1997"]
[Source "ChessBase"]
[SourceDate "1996.11.15"]
[SourceVersion "1"]
[SourceVersionDate "1996.11.15"]
[SourceQuality "1"]

1. e4 c5 2. c3 g6 3. d4 cxd4 4. cxd4 d5 5. exd5 Nf6 6. Bb5+ Nbd7 7. Nc3 Bg7 8. d6 0-0 9. dxe7 Qxe7+ 10. Nge2 a6 11. Bc4 b5 12. Nd5 Qe4 13. f3 Qe6 14. Nxf6+ Qxf6 15. Bd5 Ra7 16. 0-0 Nb6 17. Bb3 Re8 18. d5 Rd7 19. Nc3 Bb7 20. Ne4 Qd4+ 21. Kh1 Bxd5 22. Qxd4 Bxd4 23. Bxd5 Rxd5 24. Bg5 Rxe4 25. fxe4 Rxg5 26. Rad1 Bxb2 27. Rd6 Nc4 28. Rxa6 Rc5 29. Ra7 Ne5 30. Rb7 Bc3 31. a3 Bb2 32. a4 bxa4 33. Rxb2 Rc4 34. Ra1 Nd3 35. Rb8+ Kg7 36. Ra8 Nc5 37. Rc8 Kf6 38. h3 Ke5 39. Rc7 Kxe4 40. Rxf7 Kd3 41. Rxh7 Kc2 42. Rg7 Nb3 43. Rf1 Rc6 44. Ra7 Nc5 45. Ra1 Kb3 46. Ra8 Na6 47. Rf8 Nc5 48. Rb8+ Kc3 49. Rb5 Kc4 50. Rb2 Kc3 51. Rf2 Ra6 52. Rc1+ Kb4 53. Rf4+ Kb5 54. Rf8 Nb3 55. Rb8+ Rb6 56. Rxb6+ Kxb6 57. Rb1 Kc5 58. g4 Kb4 59. h4 Kc3 60. h5 gxh5 61. gxh5 Kc2 62. Rf1 Nd2 63. Ra1 Ne4 64. h6 0-1

[Event "Groningen op"]
[Site "Groningen"]
[Date "1994.??.??"]
[Round "1"]
[White "Genba, Vladimir"]
[Black "Simons, Rudy"]
[Result "1-0"]
[WhiteElo "2430"]
[BlackElo "2250"]
[PlyCount "43"]
[EventDate "1994.12.??"]
[EventType "swiss"]
[EventRounds "11"]
[EventCountry "NED"]
[SourceTitle "EXT 1997"]
[Source "ChessBase"]
[SourceDate "1996.11.15"]
[SourceVersion "1"]
[SourceVersionDate "1996.11.15"]
[SourceQuality "1"]

1. e4 c5 2. c4 Nc6 3. Nc3 g6 4. g3 Bg7 5. Bg2 d6 6. d3 e5 7. Rb1 Nge7 8. a3 0-0 9. h4 Be6 10. h5 Qd7 11. Nge2 f5 12. hxg6 hxg6 13. Bg5 Rf7 14. Nd5 Raf8 15. 0-0 fxe4 16. Nxe7+ Nxe7 17. Bxe7 Qxe7 18. Bxe4 Qg5 19. Nc3 Bh6 20. Bd5 Bg4 21. Ne4 Qh5 22. Qxg4 1-0

[Event "Groningen op"]
[Site "Groningen"]
[Date "1994.??.??"]
[Round "3"]
[White "Manouck, Thierry"]
[Black "Simons, Rudy"]
[Result "1-0"]
[WhiteElo "2285"]
[BlackElo "2250"]
[PlyCount "58"]
[EventDate "1994.12.??"]
[EventType "swiss"]
[EventRounds "11"]
[EventCountry "NED"]
[SourceTitle "EXT 1997"]
[Source "ChessBase"]
[SourceDate "1996.11.15"]
[SourceVersion "1"]
[SourceVersionDate "1996.11.15"]
[SourceQuality "1"]

1. c4 f5 2. d4 g6 3. g3 Nf6 4. Bg2 Bg7 5. Nc3 0-0 6. Nf3 d6 7. 0-0 Qe8 8. d5 a5 9. Ne1 Na6 10. Nd3 Bd7 11. Rb1 h6 12. b3 g5 13. e3 Nb4 14. a3 Nxd3 15. Qxd3 Qh5 16. f4 c5 17. dxc6 bxc6 18. b4 axb4 19. axb4 Ne4 20. Nxe4 fxe4 21. Bxe4 Ra2 22. Bd2 gxf4 23. exf4 Rfa8 24. Rb3 Bh3 25. Re1 Ra1 26. Bxc6 Rxe1+ 27. Bxe1 Ra1 28. Rb1 Bf5 29. Bd5+ Kh8 1-0

[Event "Budapest FS10 IM-A"]
[Site "Budapest"]
[Date "1994.??.??"]
[Round "3"]
[White "Schnelzer, Reinhold"]
[Black "Simons, Rudy"]
[Result "1/2-1/2"]
[WhiteElo "2285"]
[BlackElo "2250"]
[PlyCount "107"]
[EventDate "1994.10.??"]
[EventType "tourn"]
[EventRounds "11"]
[EventCountry "HUN"]
[EventCategory "3"]
[SourceTitle "EXT 1997"]
[Source "ChessBase"]
[SourceDate "1996.11.15"]
[SourceVersion "1"]
[SourceVersionDate "1996.11.15"]
[SourceQuality "1"]

1. Nf3 d6 2. d4 f5 3. g3 g6 4. Bg2 Nf6 5. c4 Bg7 6. Nc3 0-0 7. d5 a5 8. Nd4 Na6 9. Bg5 Qe8 10. Qd2 Ng4 11. h3 Ne5 12. b3 Nf7 13. Be3 Bd7 14. 0-0 c6 15. Rab1 Nc7 16. Rfd1 Rb8 17. a3 c5 18. Nf3 b5 19. cxb5 Bxb5 20. Kf1 Ba6 21. Ng5 Nd8 22. h4 Bc8 23. Rdc1 Nf7 24. Nxf7 Qxf7 25. Nd1 Bb7 26. Qxa5 Nxd5 27. Qd2 Nxe3+ 28. Qxe3 Bd4 29. Qd3 Be4 30. Bxe4 fxe4 31. Qxe4 Bxf2 32. Kg2 Bd4 33. Qf3 Qe6 34. Qd3 Qd5+ 35. e4 Qe5 36. Ne3 Rf7 37. Rf1 Rxf1 38. Nxf1 Rf8 39. Ne3 Qh5 40. Rf1 Rxf1 41. Nxf1 Qe5 42. Nd2 d5 43. exd5 Qxd5+ 44. Qe4 Qf7 45. Qf3 Kf8 46. Ne4 h6 47. a4 Qxf3+ 48. Kxf3 Ke8 49. Kg4 Kd7 50. h5 gxh5+ 51. Kxh5 Be3 52. Kg4 Kc6 53. Kf3 Bd4 54. g4 1/2-1/2

[Event "Budapest FS10 IM-A"]
[Site "Budapest"]
[Date "1994.??.??"]
[Round "8"]
[White "Simons, Rudy"]
[Black "Izsak, Gyula"]
[Result "0-1"]
[WhiteElo "2250"]
[BlackElo "2400"]
[PlyCount "80"]
[EventDate "1994.10.??"]
[EventType "tourn"]
[EventRounds "11"]
[EventCountry "HUN"]
[EventCategory "3"]
[SourceTitle "EXT 1997"]
[Source "ChessBase"]
[SourceDate "1996.11.15"]
[SourceVersion "1"]
[SourceVersionDate "1996.11.15"]
[SourceQuality "1"]

1. e4 c5 2. Nf3 e6 3. d4 cxd4 4. Nxd4 a6 5. Nc3 Qc7 6. Be3 Bb4 7. Qd2 Nf6 8. f3 d5 9. e5 Qxe5 10. a3 Ba5 11. Be2 Qc7 12. b4 Bb6 13. Na4 Nbd7 14. Rc1 e5 15. Nf5 Bxe3 16. Qxe3 g6 17. Nh6 b5 18. Nc5 Nxc5 19. bxc5 Nd7 20. Rd1 Bb7 21. f4 d4 22. Rxd4 0-0-0 23. fxe5 Qxe5 24. Qxe5 Nxe5 25. Rxd8+ Rxd8 26. 0-0 Rd2 27. Rf2 f5 28. g4 f4 29. c6 Bxc6 30. g5 Kc7 31. Bg4 Rd4 32. h3 f3 33. Kh2 Ra4 34. Be6 Rxa3 35. Bg8 Rc3 36. Bxh7 a5 37. h4 a4 38. Kg3 a3 39. Kf4 a2 40. Rf1 f2 0-1

[Event "Budapest FS10 IM-A"]
[Site "Budapest"]
[Date "1994.??.??"]
[Round "11"]
[White "Simons, Rudy"]
[Black "Parkanyi, Attila"]
[Result "0-1"]
[WhiteElo "2250"]
[BlackElo "2340"]
[PlyCount "104"]
[EventDate "1994.10.??"]
[EventType "tourn"]
[EventRounds "11"]
[EventCountry "HUN"]
[EventCategory "3"]
[SourceTitle "EXT 1997"]
[Source "ChessBase"]
[SourceDate "1996.11.15"]
[SourceVersion "1"]
[SourceVersionDate "1996.11.15"]
[SourceQuality "1"]

1. e4 c5 2. Nf3 d6 3. d4 cxd4 4. Nxd4 Nf6 5. Nc3 g6 6. Be2 Bg7 7. 0-0 0-0 8. Be3 Nc6 9. f4 Bd7 10. Qd2 Rc8 11. Nb3 Re8 12. h3 Be6 13. Bf3 Na5 14. Nxa5 Qxa5 15. Qf2 Qb4 16. Rab1 Nd7 17. a3 Qc4 18. Be2 Qc7 19. Bd4 Bxd4 20. Qxd4 Qc5 21. Rbd1 Nb6 22. Rd2 Bc4 23. Rfd1 Qxd4+ 24. Rxd4 Bxe2 25. Nxe2 Rxc2 26. R4d2 Rec8 27. Nd4 Rxd2 28. Rxd2 Rc1+ 29. Kf2 Nc4 30. Re2 Rd1 31. Nb5 a6 32. Nc3 Rc1 33. Nd5 e6 34. Ne3 Kf8 35. Nxc4 Rxc4 36. Ke3 Ke7 37. Kd3 b5 38. Kd2 f5 39. exf5 gxf5 40. g3 h5 41. Kd3 Kf6 42. h4 e5 43. fxe5+ dxe5 44. Kd2 Rd4+ 45. Kc3 a5 46. b3 b4+ 47. axb4 axb4+ 48. Kc2 e4 49. Re3 Ke5 50. Re2 Rd3 51. Rg2 Rc3+ 52. Kb2 e3 0-1